| 000 | 00789cam a2200253 4500 | ||
|---|---|---|---|
| 008 | 090401t1997 xxu||||| |||| 00| 0 eng d | ||
| 020 | _a0582288738 | ||
| 035 | _a(Sirsi) u77394 | ||
| 041 | _aeng | ||
| 050 | _a658.99 | ||
| 100 | _aGriffith, A. | ||
| 245 | 4 | _aThe procurement and management of small works and minor maintenance : the principal considerations for client organisations. | |
| 260 |
_bAddison Wesley Longman _c1997 |
||
| 300 | _axi,75p. ; 24cm. | ||
| 350 | _a35 | ||
| 650 | _aBUILT ENVIRONMENT-BUILDING MAINTENANCE AND REFURBISHMENT | ||
| 650 | _aProcurement-old | ||
| 650 |
_aProperty management _96262 |
||
| 650 | _aSMALL WORKS | ||
| 690 | _aBUILDING AND CONSTRUCTION-REPAIRS AND MAINTENANCE | ||
| 700 | _aHeadley, J. | ||
| 942 | _n0 | ||
| 948 | _c25/03/1997 | ||
| 999 |
_c96301 _d96301 |
||